The Mahabharata of Vyasa / (Record no. 20413)

MARC details
000 -LEADER
fixed length control field 00882nam a2200241 a 4500
005 - DATE AND TIME OF LATEST TRANSACTION
control field 19820422000000.0
008 - FIXED-LENGTH DATA ELEMENTS--GENERAL INFORMATION
fixed length control field 820422s1980 ii bcfj 000 0 eng
010 ## - LCCN (DPL NO)
LC control number ENG-92336
020 ## - INTERNATIONAL STANDARD BOOK NUMBER
International Standard Book Number 818157530X
Terms of availability 600.00
035 ## - SYSTEM CONTROL NUMBER
System control number EN-75869
037 ## - SOURCE OF ACQUISITION
Source of stock number/acquisition DBAD / PUB
040 ## - CATALOGING SOURCE
Original cataloging agency dpl
Language of cataloging English
082 ## - DEWEY DECIMAL CLASSIFICATION NUMBER
Classification number 230.2
240 ## - UNIFORM TITLE
Uniform title <a href="Mahabharata">Mahabharata</a>
Language of a work English
245 ## - TITLE STATEMENT
Title The Mahabharata of Vyasa /
Statement of responsibility, etc condensed from Sanskrit and transcreated into English by P. Lal.
260 ## - PUBLICATION, DISTRIBUTION, ETC. (IMPRINT)
Name of publisher, distributor, etc Writers Workshop
Date of publication, distribution, etc 2006
300 ## - PHYSICAL DESCRIPTION
Extent 967p.
Dimensions 23 cm (Hb)
650 ## - SUBJECT ADDED ENTRY--TOPICAL TERM
Topical term or geographic name as entry element Mahābhārata
650 ## - SUBJECT ADDED ENTRY--TOPICAL TERM
Topical term or geographic name as entry element Epic poetry, Sanskrit
General subdivision Translations into English.
730 ## - ADDED ENTRY--UNIFORM TITLE
Uniform title Mahābhārata.
942 ## - ADDED ENTRY ELEMENTS (KOHA)
Source of classification or shelving scheme Dewey Decimal Classification
Item type English Books
Classification part 230.2
Call number suffix LAL
Holdings
Withdrawn status Lost status Source of classification or shelving scheme Damaged status Not for loan Collection code Home library Current library Date acquired Source of acquisition Cost, normal purchase price Total Checkouts Full call number Barcode Date last seen Copy number Cost, replacement price Koha item type
    Dewey Decimal Classification   Not For Loan Non-fiction D.B.Act.Division D.B.Act.Division 01/01/2009 DBAD / PUB 600.00   230.2 LAL EN-75869 31/12/2008 1 600.00 English Books

© Delhi Public Library
Hit Counter
free hit counter